STN EN ISO 7494-1: 2005, Stomatológia. Stomatologické súpravy Časť 1 Všeobecné požiadavky a skúšobné metódy (ISO 7494-1: 2004)

Bibliographic Details
Format: Book
Language:Slovak
PhysicalDescription:20 s.
Published: Bratislava Slovenský ústav technickej normalizácie 2006

MARC

LEADER 00000nam a2200000 a 4500
001 vtls008775683
003 SK-MaSNL
005 20260224074221.0
008 160628s2006 xo f u 000 0 slo
015 |a SNBN2013 
020 |c (cen. skup,) 
040 |a SNK  |b slo  |c SNK  |e AACR2 
041 0 |a slo 
044 |a xo  |c SK 
046 |a s 
084 |a 11.060.20  |2 ICS 
245 0 0 |a STN EN ISO 7494-1: 2005, Stomatológia. Stomatologické súpravy  |n Časť 1  |p Všeobecné požiadavky a skúšobné metódy (ISO 7494-1: 2004) 
260 |a Bratislava  |b Slovenský ústav technickej normalizácie  |c 2006 
300 |a 20 s. 
540 |a Normy sa podľa zákona č. 264/1999 Z. z. nesmú kopírovať 
999 |c 910705  |d 912635 
952 |a SNK  |b SNK  |y PREZ  |7 0  |p 17A0514174  |o snkSTN EN ISO 7494-1 D1  |i snk2006/12652  |8 0  |0 0  |1 0  |4 0  |d 2006-06-23  |l 0  |r 2026-02-24 07:42:21  |w 2026-02-24 
952 |a SNK  |b SNK  |y PREZ  |7 0  |p 17A0513466  |o snkSTN EN ISO 7494-1  |i snk2006/12651  |8 0  |0 0  |1 0  |4 0  |d 2006-06-23  |l 0  |r 2026-02-24 07:42:21  |w 2026-02-24